Medellín - Choix Multiples - Statistiques

Statistiques générales
  • Ce quiz a été pris 51 fois
  • Le résultat moyen est 7 sur 10
Statistiques - réponses
Question Réponse % Correct
Dans quel pays se situe Medellín? Colombie
100%
Quel criminel a fortement associé son nom à celui de la ville? Pablo Escobar
98%
Quelle série Netflix se déroule en partie à Medellín? Narcos
94%
Quelle chaîne de montagne entoure la ville? La Cordillère des Andes
89%
Quelle légumineuse entre dans la composition de la Bandeja paisa? Des haricots rouges
64%
Quelle équipe de football joue le derby citadin avec l'Independiente Medellín? Atlético Nacional
62%
Quel réalisateur français a réalisé le film Medellín, sorti en 2023? Franck Gastambide
57%
Quelle photo représente le musée El Castillo?
49%
À qui/ à quoi Medellín doit-il son nom? À un village espagnol
45%
Quel chanteur, natif de Medellín, se fit connaître en France avec sa chanson "La camisa negra"? Juanes
38%
Aucun quiz correspondant
Distribution des résultats
% des personnes avec chaque résultat
Percentile par nombre de réponses
Votre historique - résultats
Vous n’avez pas pris ce quiz